000 00418nam a2200169 a 4500
001 0000-9244
003 ELIB.Books
008 110520 1973
035 _a(ELIB.Books)0000-9396
082 _a230
_bLau
100 _aLaurent, Bob
245 _aWhat A Way To Go
260 _bElgin; David C. Cook Publishing Co.,
_c1973
650 _aTheology
942 _2ddc
_cBK
998 _cbat
_e2011-05-20
999 _c9244
_d9244